[Event "Campeonato Brasileiro Amador 2016 U2000"]
[Site "Esporte Clube Pinheiros"]
[Date "2016.05.27"]
[Round "4.4"]
[White "Ikejiri, Daniel Yoshito"]
[Black "Dias, Joao Batista"]
[Result "1/2-1/2"]
[WhiteElo "1965"]
[BlackElo "1921"]
[PlyCount "47"]
[EventDate "2016.05.26"]

1. e4 g6 2. d4 Bg7 3. c4 e5 4. d5 d6 5. Nf3 Ne7 6. Nc3 O-O 7. Be2 Bg4 8. Be3
Bxf3 9. Bxf3 Nd7 10. Qd2 a6 11. Bh6 f5 12. Bxg7 Kxg7 13. h4 f4 14. O-O-O b5 15.
Be2 bxc4 16. Bxc4 Nf6 17. Rdg1 Qc8 18. g3 fxg3 19. fxg3 c6 20. Kb1 cxd5 21.
Bxd5 Nexd5 22. exd5 Rb8 23. Ka1 Qg4 24. Qd1 1/2-1/2

[Event "Campeonato Brasileiro Amador 2016 U2000"]
[Site "Esporte Clube Pinheiros"]
[Date "2016.05.27"]
[Round "4.5"]
[White "Hirota Da Silva, Nilton"]
[Black "Nascimento, Pedro Henrique Alve"]
[Result "1-0"]
[WhiteElo "1946"]
[BlackElo "1872"]
[PlyCount "109"]
[EventDate "2016.05.26"]

1. d4 e6 2. e3 Nf6 3. f4 b6 4. Nf3 Bb7 5. Bd3 Be7 6. O-O O-O 7. Nbd2 d5 8. Ne5
Nbd7 9. Ndf3 c5 10. c3 c4 11. Bc2 b5 12. Ng5 h6 13. Ngf3 b4 14. Bd2 a5 15. Nxd7
Qxd7 16. Qe1 Ba6 17. Ne5 Qc7 18. Rf3 Rab8 19. Rh3 Ne4 20. Bxe4 dxe4 21. Qg3 Kh7
22. Rf1 Bf6 23. Ng4 Be7 24. Rh5 Rb5 25. Ne5 Bf6 26. Rh3 Bxe5 27. fxe5 f6 28.
Qe1 b3 29. a3 f5 30. Qe2 Rbb8 31. Be1 Rf7 32. Bg3 Bb7 33. Bf4 Kg8 34. Qh5 Kf8
35. Rg3 Ke7 36. Rg6 Rbf8 37. g4 fxg4 38. Qxg4 Bd5 39. Rxg7 Kd8 40. Rxf7 Qxf7
41. Bg5+ hxg5 42. Qxg5+ Ke8 43. Rxf7 Rxf7 44. Qg8+ Rf8 45. Qg6+ Rf7 46. h4 Kf8
47. Qh6+ Kg8 48. Kg2 Rh7 49. Qf6 Rf7 50. Qd8+ Kh7 51. Kg3 Rf3+ 52. Kg4 Rxe3 53.
Qe7+ Kh8 54. Qf8+ Kh7 55. Qf7+ 1-0

[Event "Campeonato Brasileiro Amador 2016 U2000"]
[Site "Esporte Clube Pinheiros"]
[Date "2016.05.27"]
[Round "4.6"]
[White "Casarin, Luis Marcio Pinhatti"]
[Black "Pritsopoulos, Constantino"]
[Result "0-1"]
[WhiteElo "1819"]
[BlackElo "1954"]
[PlyCount "58"]
[EventDate "2016.05.26"]

1. c4 b6 2. Nf3 Bb7 3. e3 Nf6 4. Nc3 e6 5. Be2 Bb4 6. a3 Bxc3 7. dxc3 O-O 8.
O-O d6 9. Bd3 Nbd7 10. b4 Ne4 11. Qc2 f5 12. Nd4 Qf6 13. f3 Ng5 14. e4 f4 15.
Bb2 e5 16. Nb3 c5 17. Qf2 Qh6 18. Rad1 Rf6 19. bxc5 dxc5 20. Rd2 Rg6 21. Kh1
Nf6 22. Rfd1 Qh5 23. Be2 Rh6 24. Rd8+ Rxd8 25. Rxd8+ Kf7 26. h4 Ne6 27. Rb8 Bc6
28. Rc8 Qg5 29. g4 fxg3 0-1

[Event "Campeonato Brasileiro Amador 2016 U2000"]
[Site "Esporte Clube Pinheiros"]
[Date "2016.05.27"]
[Round "4.7"]
[White "Da Silva, Angelo Luiz"]
[Black "Ferreira Jr, Walter"]
[Result "1/2-1/2"]
[WhiteElo "1879"]
[BlackElo "1954"]
[PlyCount "103"]
[EventDate "2016.05.26"]

1. d4 e6 2. Nf3 d5 3. g3 c5 4. Bg2 Nc6 5. O-O Nf6 6. c4 Be7 7. Nc3 O-O 8. cxd5
exd5 9. dxc5 Bxc5 10. Bg5 Be6 11. Rc1 Be7 12. h3 h6 13. Be3 Qa5 14. Nd4 Nxd4
15. Bxd4 Rfd8 16. Qb3 Rd7 17. Rfd1 Rad8 18. e3 Ne4 19. Nb5 Nd2 20. Qd3 Nc4 21.
Qb3 Nd2 22. Qc2 Nc4 23. a4 a6 24. Nc3 Rc8 25. Qb3 Bc5 26. Ne2 Bxd4 27. Nxd4
Rdc7 28. Qa2 Nb6 29. Rxc7 Rxc7 30. b3 Qc3 31. Kh2 Nd7 32. Qa3 Nf6 33. Qd6 Qc5
34. Qf4 Rc8 35. Qe5 Qc7 36. Qxc7 Rxc7 37. g4 g5 38. Rd2 Kg7 39. Rc2 Rxc2 40.
Nxc2 Kf8 41. Kg3 Ne8 42. f4 f6 43. Nd4 Ke7 44. h4 Nd6 45. hxg5 hxg5 46. Bf3 b5
47. axb5 Nxb5 48. Nc2 d4 49. exd4 Bxb3 50. Nb4 gxf4+ 51. Kxf4 Nxd4 52. Nxa6
1/2-1/2

[Event "Campeonato Brasileiro Amador 2016 U2000"]
[Site "Esporte Clube Pinheiros"]
[Date "2016.05.27"]
[Round "4.8"]
[White "Dos Reis, Leandro Aparecido C"]
[Black "Aparecido Silva, Haroldo"]
[Result "1-0"]
[WhiteElo "1953"]
[BlackElo "1865"]
[PlyCount "111"]
[EventDate "2016.05.26"]

1. a3 e5 2. c4 g6 3. Nf3 Bg7 4. Nc3 d6 5. e3 c6 6. d4 Qc7 7. Be2 Ne7 8. O-O Nf5
9. b4 O-O 10. Bb2 a6 11. Rc1 Qe7 12. Re1 Nh4 13. g3 Nxf3+ 14. Bxf3 f5 15. d5 e4
16. Bg2 Nd7 17. Qb3 c5 18. Red1 b6 19. b5 a5 20. Na4 Rb8 21. Bf1 g5 22. Be2 Be5
23. Re1 Qg7 24. Kh1 Bxb2 25. Qxb2 Ne5 26. Rf1 Qh6 27. Qc2 Bd7 28. f4 exf3 29.
Bxf3 g4 30. Bg2 Qxe3 31. Qc3 Qg5 32. Rce1 f4 33. gxf4 Rxf4 34. Qg3 Rxc4 35. Nc3
Bf5 36. Rxe5 dxe5 37. Qxe5 Rf8 38. d6 Rd4 39. Nd5 Qg7 40. Ne7+ Kh8 41. Qxg7+
Kxg7 42. Nxf5+ Kg8 43. Nxd4 cxd4 44. Rd1 Rd8 45. Rxd4 Kf7 46. d7 Ke6 47. Bc6
Kf5 48. Rd1 Ke6 49. Re1+ Kd6 50. Re4 h5 51. Re8 Kc7 52. Re5 h4 53. Re4 h3 54.
Rxg4 Rf8 55. Kg1 Rf6 56. Rg8 1-0

[Event "Campeonato Brasileiro Amador 2016 U2000"]
[Site "Esporte Clube Pinheiros"]
[Date "2016.05.27"]
[Round "4.9"]
[White "Silva, Vinicius Parente"]
[Black "Polonio, Rodolfo"]
[Result "0-1"]
[WhiteElo "1874"]
[BlackElo "1952"]
[PlyCount "112"]
[EventDate "2016.05.26"]

1. e4 c5 2. Nc3 Nc6 3. g3 g6 4. Bg2 Bg7 5. d3 d6 6. f4 Rb8 7. Nf3 b5 8. a3 e6
9. O-O Nge7 10. Rb1 O-O 11. Be3 Nd4 12. Ne2 Nxf3+ 13. Bxf3 Qc7 14. g4 f5 15.
Qe1 a5 16. Qh4 a4 17. Ng3 b4 18. gxf5 exf5 19. exf5 Bxf5 20. Ne4 h6 21. Qf2 Bh3
22. Rfe1 Nf5 23. Kh1 Nxe3 24. Qxe3 Bd4 25. Nf6+ Kg7 26. Nd5 Bxe3 27. Nxc7 Bxf4
28. Re7+ Rf7 29. Rxf7+ Kxf7 30. Bd5+ Kg7 31. Re1 Be5 32. Re3 Bg4 33. h3 Bf5 34.
h4 h5 35. c4 bxa3 36. bxa3 Rb3 37. Nb5 Rxd3 38. Rxd3 Bxd3 39. Kg2 Kf6 40. Kf3
Kf5 41. Bc6 Bxc4 42. Nc7 Bb3 43. Ne8 Ke6 44. Nc7+ Ke7 45. Be4 c4 46. Nd5+ Ke6
47. Nc7+ Kf7 48. Nd5 c3 49. Nb4 d5 50. Bb1 Bd6 51. Nc2 Bc5 52. Kf4 Kf6 53. Kf3
Ke5 54. Ke2 d4 55. Kd3 Be6 56. Ke2 Bf5 0-1

[Event "Campeonato Brasileiro Amador 2016 U2000"]
[Site "Esporte Clube Pinheiros"]
[Date "2016.05.27"]
[Round "4.10"]
[White "Serafim Junior, Arnor"]
[Black "Nicolini, Paulo Giovanni De A"]
[Result "0-1"]
[WhiteElo "1868"]
[BlackElo "1943"]
[PlyCount "60"]
[EventDate "2016.05.26"]

1. Nf3 Nf6 2. g3 g6 3. Bg2 Bg7 4. O-O O-O 5. d3 d6 6. c4 e5 7. Nc3 Nc6 8. Rb1
a5 9. a3 h6 10. b4 axb4 11. axb4 Ne7 12. Bb2 Be6 13. Qc2 c6 14. Na4 b5 15. cxb5
cxb5 16. Nc3 Rc8 17. Qd2 Qb6 18. Rfc1 Ng4 19. e3 f5 20. Ne2 Rxc1+ 21. Rxc1 Nd5
22. d4 f4 23. e4 fxg3 24. hxg3 Ndf6 25. Qd3 d5 26. Nxe5 dxe4 27. Bxe4 Nxe5 28.
dxe5 Nxe4 29. Qxe4 Qxf2+ 30. Kh1 Rf5 0-1

[Event "Campeonato Brasileiro Amador 2016 U2000"]
[Site "Esporte Clube Pinheiros"]
[Date "2016.05.27"]
[Round "4.11"]
[White "Silva, Emerson Soares Da"]
[Black "Da Silva, Mikhail Zoltan Iwano"]
[Result "0-1"]
[WhiteElo "1830"]
[BlackElo "1939"]
[PlyCount "58"]
[EventDate "2016.05.26"]

1. d4 Nf6 2. c4 e6 3. Nf3 d5 4. g3 Nbd7 5. Bg2 c6 6. O-O Bd6 7. b3 O-O 8. Bb2
Ne4 9. Nbd2 Ndf6 10. Ne5 a5 11. Nxe4 Nxe4 12. f3 Nf6 13. Nd3 Nd7 14. c5 Bc7 15.
e4 f5 16. e5 b6 17. cxb6 Bxb6 18. Nf4 Nxe5 19. Kh1 Ng6 20. Nxg6 hxg6 21. Rc1
Bd7 22. f4 Qe7 23. h4 Kf7 24. a4 Rh8 25. Kh2 Qf6 26. Re1 Rac8 27. Re5 c5 28.
dxc5 Bxc5 29. Kh1 Rxh4+ 0-1

[Event "Campeonato Brasileiro Amador 2016 U2000"]
[Site "Esporte Clube Pinheiros"]
[Date "2016.05.27"]
[Round "4.12"]
[White "Hoshino, Karen"]
[Black "Rapouso, Ricardo Luis Borba"]
[Result "0-1"]
[WhiteElo "1744"]
[BlackElo "1937"]
[PlyCount "174"]
[EventDate "2016.05.26"]

1. d4 c5 2. d5 e5 3. c4 d6 4. Nc3 Be7 5. e4 Bg5 6. Be2 Bxc1 7. Rxc1 Nf6 8. Nf3
O-O 9. O-O a6 10. Qb3 Nbd7 11. Nd2 Re8 12. Rfe1 Nf8 13. Na4 Qa5 14. Nc3 Bd7 15.
Red1 Ng6 16. Nf1 Nf4 17. Qc2 b5 18. g3 Nxe2+ 19. Nxe2 Qxa2 20. cxb5 axb5 21.
Nc3 Qa7 22. Qe2 b4 23. Nb1 Qa6 24. Qe1 Bb5 25. Nbd2 Be2 26. Ra1 Qb5 27. Rdc1
Bd3 28. h4 g6 29. Kg2 c4 30. Rxa8 Rxa8 31. Qe3 Ra2 32. Qg5 Nxe4 33. Nxe4 Bxe4+
34. Kg1 Qxd5 35. Ne3 Qe6 36. Ng4 Ra8 37. Nf6+ Kg7 38. Nxe4 d5 39. Nd2 Ra2 40.
h5 h6 41. Qe3 Rxb2 42. Nf3 e4 43. Nh4 Qf6 44. hxg6 d4 45. Qxd4 Qxd4 46. Nf5+
Kxg6 47. Nxd4 c3 48. Nc2 Kf6 49. Nxb4 Rxb4 50. Rxc3 Kg5 51. Rc6 h5 52. Rc2 Kg4
53. Kg2 h4 54. gxh4 Kxh4 55. Rc3 Kg4 56. Rc6 f5 57. Rg6+ Kf4 58. Rg3 Rb2 59.
Re3 Rd2 60. Ra3 Rd3 61. Ra5 Rd2 62. Ra3 Rd1 63. Ra5 Re1 64. Ra3 Rd1 65. Ra5 Kg4
66. Ra4 Rd2 67. Ra3 f4 68. Kf1 Rd3 69. Ra4 Kf3 70. Ke1 Rb3 71. Ra1 Rb2 72. Ra3+
e3 73. fxe3 fxe3 74. Kd1 Kf2 75. Kc1 Rb4 76. Ra8 Rf4 77. Re8 Ke2 78. Rd8 Rc4+
79. Kb2 Kf3 80. Rf8+ Rf4 81. Re8 e2 82. Kc2 Kf2 83. Kd2 Rd4+ 84. Kc3 Rd1 85.
Rf8+ Kg3 86. Re8 e1=Q+ 87. Rxe1 Rxe1 0-1

[Event "Campeonato Brasileiro Amador 2016 U2000"]
[Site "Esporte Clube Pinheiros"]
[Date "2016.05.27"]
[Round "4.13"]
[White "Sa, Antonio Villar Marqu"]
[Black "Baba, Renato"]
[Result "1/2-1/2"]
[WhiteElo "1933"]
[BlackElo "1858"]
[PlyCount "87"]
[EventDate "2016.05.26"]

1. e4 c5 2. Nf3 e6 3. d3 Nc6 4. g3 d6 5. Bg2 g6 6. h4 h5 7. O-O Bg7 8. c3 Nf6
9. Bg5 Qb6 10. Qd2 Ng4 11. Na3 f6 12. Nc4 Qc7 13. Bf4 e5 14. Be3 b5 15. Na3
Nxe3 16. fxe3 b4 17. cxb4 cxb4 18. Nc4 O-O 19. Rac1 Bh6 20. d4 Ba6 21. Rfe1
exd4 22. Nxd4 Nxd4 23. Qxd4 Rad8 24. Kh2 Qc5 25. Qd5+ Qxd5 26. exd5 Rfe8 27. b3
Bxc4 28. Rxc4 Bxe3 29. Rxb4 Bb6 30. Rbe4 Re5 31. Rd1 Rde8 32. Rxe5 Rxe5 33. Bf3
Re3 34. Kg2 Kf7 35. Rc1 Bc5 36. Rc2 f5 37. Re2 Re5 38. Kf1 Ke7 39. Kg2 Kf6 40.
Kf1 Be3 41. Rc2 Bc5 42. Re2 Ke7 43. Kg2 Kf6 44. Kf1 1/2-1/2

[Event "Campeonato Brasileiro Amador 2016 U2000"]
[Site "Esporte Clube Pinheiros"]
[Date "2016.05.27"]
[Round "4.15"]
[White "Yoshioka, Andre"]
[Black "Ribeiro, Allysson"]
[Result "1/2-1/2"]
[WhiteElo "1882"]
[BlackElo "1814"]
[PlyCount "140"]
[EventDate "2016.05.26"]

1. d4 d5 2. c4 Nc6 3. Nc3 Nf6 4. cxd5 Nxd5 5. Nf3 Bg4 6. e4 Nxc3 7. bxc3 e5 8.
d5 Nb8 9. Qa4+ Bd7 10. Qb3 b6 11. Bd3 Bd6 12. h3 O-O 13. O-O f5 14. exf5 Bxf5
15. Qc2 Qf6 16. Be3 Nd7 17. Ng5 h6 18. Bxf5 Qxf5 19. Qxf5 Rxf5 20. Ne4 Rf7 21.
c4 Nf6 22. Nxf6+ Rxf6 23. Rac1 Bc5 24. Bxc5 bxc5 25. Rfe1 Re8 26. Re3 Ra6 27.
Rc2 Kf7 28. Re4 Ra4 29. Rce2 g5 30. g3 Kf6 31. Kh2 Rd8 32. Rxe5 Rxc4 33. Re6+
Kg7 34. Re7+ Kf8 35. Rxc7 a5 36. Re5 Rc2 37. Rf5+ Kg8 38. Kg2 c4 39. d6 Rxd6
40. Rxa5 Rf6 41. Ra8+ Rf8 42. Rxf8+ Kxf8 43. a4 c3 44. a5 Ra2 45. Rxc3 Rxa5 46.
Rc7 Kg8 47. g4 Ra2 48. Rc3 Kg7 49. Kg3 Ra4 50. h4 h5 51. f3 gxh4+ 52. Kxh4 hxg4
53. fxg4 Ra7 54. Rc6 Rb7 55. Kh5 Ra7 56. Rc5 Rb7 57. Kg5 Ra7 58. Kf5 Rf7+ 59.
Ke4 Kg6 60. Rf5 Rb7 61. Kf4 Rb4+ 62. Kg3 Rb1 63. Rf2 Kg5 64. Rf5+ Kg6 65. Ra5
Rg1+ 66. Kh3 Rh1+ 67. Kg2 Rh4 68. Ra4 Kg5 69. Ra5+ Kf4 70. Ra4+ Kg5 1/2-1/2

[Event "Campeonato Brasileiro Amador 2016 U2000"]
[Site "Esporte Clube Pinheiros"]
[Date "2016.05.27"]
[Round "4.16"]
[White "Hara, Aroldo Hiroiuqui"]
[Black "Camara, Jose Arruda"]
[Result "0-1"]
[WhiteElo "1822"]
[BlackElo "1878"]
[PlyCount "80"]
[EventDate "2016.05.26"]

1. d4 e6 2. Bf4 Nf6 3. Nf3 d5 4. e3 Bd6 5. Nbd2 Bxf4 6. exf4 Qd6 7. g3 b6 8. c3
O-O 9. Bd3 Bb7 10. Qc2 Nbd7 11. Ne5 c5 12. Ndf3 cxd4 13. cxd4 Rfc8 14. Qe2 Qb4+
15. Kf1 Nxe5 16. fxe5 Ne4 17. Kg2 h6 18. a3 Qb3 19. Nd2 Qxb2 20. Rhd1 Qxd4 21.
Nb3 Qa4 22. Qb2 Rc3 23. Rab1 Rc7 24. Nd4 Nc3 25. Bc2 Qa5 26. Nb3 Nxd1 27. Bxd1
Qc3 28. Qe2 Qc4 29. Qb2 d4+ 30. Kh3 Qf1+ 31. Kg4 h5+ 32. Kh4 Qh1 33. f4 Bg2 34.
Kg5 Qxh2 35. Qf2 Rc3 36. g4 hxg4 37. Qh4 f6+ 38. exf6 gxf6+ 39. Kxg4 f5+ 40.
Kg5 Rg3+ 0-1

[Event "Campeonato Brasileiro Amador 2016 U2000"]
[Site "Esporte Clube Pinheiros"]
[Date "2016.05.27"]
[Round "4.18"]
[White "De Arruda Filho, Nivaldo Jesus"]
[Black "De Almeida, Guilherme Pereira"]
[Result "1/2-1/2"]
[WhiteElo "1937"]
[BlackElo "1838"]
[PlyCount "111"]
[EventDate "2016.05.26"]

1. e4 d6 2. d4 Nf6 3. Nc3 g6 4. Nf3 Bg7 5. h3 O-O 6. Be3 c6 7. a4 a5 8. Bc4
Nxe4 9. Bxf7+ Rxf7 10. Nxe4 h6 11. Qd2 Qf8 12. Ng3 Na6 13. c3 Nc7 14. Qd3 Rxf3
15. gxf3 Qf7 16. h4 Be6 17. h5 g5 18. Qg6 Qxg6 19. hxg6 Rf8 20. Nf1 Rxf3 21.
Nd2 Rf6 22. Ke2 Rxg6 23. Raf1 g4 24. Rh4 Nd5 25. Rg1 Nxe3 26. Kxe3 Bf6 27. Rh5
Bg5+ 28. Ke2 Bxd2 29. Kxd2 Rf6 30. Ke1 b6 31. Rg3 Kh7 32. Ke2 Kg6 33. Rh2 h5
34. f3 Kg5 35. fxg4 Bxg4+ 36. Kd2 Rf1 37. Re3 Rb1 38. Kc2 Bf5+ 39. Kb3 e6 40.
Rg3+ Bg4 41. Kc2 Ra1 42. Kb3 Kf4 43. Rgg2 Bd1+ 44. Kc4 Rxa4+ 45. Kd3 Bg4 46.
Rg1 e5 47. Rf2+ Kg5 48. dxe5 dxe5 49. Re1 e4+ 50. Rxe4 Rxe4 51. Kxe4 Kh4 52.
Kf4 Kh3 53. Rd2 Be6 54. Kg5 Bg4 55. Kf4 Be6 56. Kg5 1/2-1/2

[Event "Campeonato Brasileiro Amador 2016 U2000"]
[Site "Esporte Clube Pinheiros"]
[Date "2016.05.27"]
[Round "4.19"]
[White "Almeida Junior, Waldomiro Carl"]
[Black "Zeituni, Carlos Alberto"]
[Result "1-0"]
[WhiteElo "1872"]
[BlackElo "1829"]
[PlyCount "91"]
[EventDate "2016.05.26"]

1. Nf3 d5 2. d4 Nf6 3. c4 c6 4. Nc3 Bf5 5. Qb3 Qb6 6. cxd5 Qxb3 7. axb3 Nxd5 8.
e4 Nxc3 9. exf5 Nd5 10. Bd3 e6 11. fxe6 Bb4+ 12. Bd2 Bxd2+ 13. Nxd2 fxe6 14.
O-O O-O 15. Rfe1 Re8 16. Ne4 Nd7 17. Ng5 Nf8 18. Ne4 b6 19. Rac1 Nb4 20. Bc4 b5
21. Bf1 Rad8 22. Red1 Rd5 23. Nc3 Rd7 24. Nxb5 Red8 25. Rc4 cxb5 26. Rxb4 a6
27. Re1 Rd6 28. g3 Nd7 29. Bg2 Nf6 30. d5 exd5 31. Rd4 Kf7 32. h4 Rc8 33. g4
Rcd8 34. Red1 Ke6 35. g5 Ne8 36. Re1+ Kf7 37. Rf4+ Kg8 38. Bh3 Nc7 39. Re7 d4
40. Rxc7 d3 41. Rff7 d2 42. Rxg7+ Kf8 43. Bg4 d1=Q+ 44. Bxd1 Rxd1+ 45. Kg2 h6
46. gxh6 1-0

[Event "Campeonato Brasileiro Amador 2016 U2000"]
[Site "Esporte Clube Pinheiros"]
[Date "2016.05.27"]
[Round "4.20"]
[White "Caceres, Elton Carlos"]
[Black "Lunelli, Neuri Antonio"]
[Result "1-0"]
[WhiteElo "1854"]
[BlackElo "1800"]
[PlyCount "141"]
[EventDate "2016.05.26"]

1. d4 Nf6 2. Nf3 g6 3. h3 Bg7 4. Bf4 d6 5. e3 Nbd7 6. Be2 O-O 7. Nbd2 b6 8. a4
Bb7 9. a5 a6 10. c3 b5 11. O-O c5 12. Bh2 Rc8 13. Re1 Re8 14. Bf1 e5 15. dxe5
dxe5 16. Qb3 c4 17. Bxc4 Rxc4 18. Nxc4 Bd5 19. Nfd2 Qc7 20. Qc2 Bxc4 21. Nxc4
Qxc4 22. Red1 Nc5 23. Rd6 Rc8 24. Rad1 Ne8 25. Rb6 f6 26. f3 Bh6 27. e4 Nb3 28.
Rxa6 Nd4 29. Qd3 Ne2+ 30. Kf1 Nc1 31. Qxc4+ bxc4 32. Rb6 Be3 33. Rb7 Nb3 34.
Rd5 Nc7 35. Rd7 Ne6 36. Re7 Nf8 37. Rg7+ Kh8 38. a6 Nc5 39. Rbc7 Ra8 40. Ra7
Rb8 41. Bg1 Bxg1 42. Kxg1 Rb6 43. Rgc7 Rxa6 44. Rxa6 Nxa6 45. Rxc4 Ne6 46. Rc6
Nac7 47. b4 Kg8 48. b5 Kf7 49. b6 Na6 50. b7 Nb8 51. Rc8 Nd7 52. b8=Q Nxb8 53.
Rxb8 h5 54. Rb7+ Ke8 55. g3 h4 56. gxh4 Nf4 57. Kh2 Ne2 58. c4 Nd4 59. Kg2 Ne6
60. Kg3 Nf4 61. c5 Ne2+ 62. Kg4 Nd4 63. Rg7 f5+ 64. exf5 gxf5+ 65. Kg3 Ne6 66.
Rg5 Nd4 67. c6 Kd8 68. h5 Ne2+ 69. Kf2 Nf4 70. Rxf5 Nxh3+ 71. Kg2 1-0

[Event "Campeonato Brasileiro Amador 2016 U2000"]
[Site "Esporte Clube Pinheiros"]
[Date "2016.05.27"]
[Round "4.21"]
[White "Martinez, Marcio Eduardo"]
[Black "Bail, Ellen Larissa"]
[Result "0-1"]
[WhiteElo "1779"]
[BlackElo "1851"]
[PlyCount "88"]
[EventDate "2016.05.26"]

1. d4 d5 2. Nf3 e6 3. c4 c6 4. Nc3 Nf6 5. Bg5 Be7 6. e3 Nbd7 7. Bd3 dxc4 8.
Bxc4 b5 9. Bb3 a6 10. O-O Bb7 11. a3 Qb6 12. Rc1 c5 13. Qe2 O-O 14. Rfd1 Rac8
15. d5 c4 16. dxe6 Qxe6 17. Nd4 Qb6 18. Bc2 Bc5 19. Bf5 Rcd8 20. Qc2 Rfe8 21.
Nce2 Nf8 22. Rd2 h6 23. Bxf6 Qxf6 24. Bg4 Be4 25. Qd1 Bd3 26. Nf3 Nh7 27. Nf4
Be4 28. Nh5 Qb6 29. Ng3 Bb7 30. Ne2 Nf6 31. Bf5 g6 32. Bb1 Bxe3 33. Rxd8 Bxf2+
34. Kf1 Rxd8 35. Qxd8+ Qxd8 36. Kxf2 Qb6+ 37. Kf1 Ng4 38. Nfd4 Qf6+ 39. Ke1
Qf2+ 40. Kd2 Qe3+ 41. Ke1 Bxg2 42. Rc3 Qf2+ 43. Kd2 Nxh2 44. Re3 Nf1+ 0-1

[Event "Campeonato Brasileiro Amador 2016 U2000"]
[Site "Esporte Clube Pinheiros"]
[Date "2016.05.27"]
[Round "4.22"]
[White "Vieira, Alexandre Letizio"]
[Black "Felix, Raimundo Nascimento"]
[Result "1/2-1/2"]
[WhiteElo "1859"]
[BlackElo "1930"]
[PlyCount "105"]
[EventDate "2016.05.26"]

1. d4 Nf6 2. Bf4 d6 3. Nf3 c6 4. e3 Bg4 5. Nbd2 Nbd7 6. c3 e5 7. Bg5 Be7 8. h3
Bh5 9. g4 Bg6 10. dxe5 Nxe5 11. Nxe5 dxe5 12. Qb3 Qb6 13. Nc4 Qxb3 14. axb3 Be4
15. Rg1 Nd7 16. Bxe7 Kxe7 17. b4 f6 18. Be2 Rhd8 19. f3 Bg6 20. e4 Nf8 21. h4
Ne6 22. Kf2 h6 23. Na5 Rd7 24. Rgd1 Rad8 25. Rxd7+ Rxd7 26. Rd1 Nd8 27. Ke3 b6
28. Rxd7+ Kxd7 29. Nb3 Bf7 30. Nd2 Nb7 31. Bc4 Be8 32. Bg8 b5 33. h5 a5 34.
bxa5 Nxa5 35. b4 Nb7 36. Nb3 Kd6 37. c4 c5 38. bxc5+ Nxc5 39. cxb5 Nxb3 40.
Bxb3 Bxb5 41. Bd5 Bd7 42. Bb7 Be6 43. Ba6 Ke7 44. Kf2 Kf7 45. Kg3 Bb3 46. Be2
Ke6 47. Kf2 Ke7 48. Ke3 Kf7 49. Kf2 g6 50. hxg6+ Kxg6 51. Bb5 Bf7 52. Kg3 Kg5
53. Bd7 1/2-1/2

[Event "Campeonato Brasileiro Amador 2016 U2000"]
[Site "Esporte Clube Pinheiros"]
[Date "2016.05.27"]
[Round "4.23"]
[White "De Borba, Gabriel"]
[Black "Da Silva, Wagner Afonso"]
[Result "1-0"]
[WhiteElo "1864"]
[BlackElo "1979"]
[PlyCount "133"]
[EventDate "2016.05.26"]

1. e4 e5 2. Nf3 Nc6 3. Bb5 a6 4. Ba4 Nf6 5. d3 b5 6. Bb3 Be7 7. O-O d6 8. c3
O-O 9. Re1 Bg4 10. Nbd2 Rc8 11. h3 Bh5 12. Nf1 Na5 13. Bc2 c5 14. Ng3 Bg6 15.
Nh4 Nc6 16. Nxg6 fxg6 17. a4 Qb6 18. axb5 axb5 19. Be3 b4 20. Ba4 Kh8 21. Bxc6
Qxc6 22. cxb4 cxb4 23. Ra7 Rc7 24. Rxc7 Qxc7 25. Qb3 Rb8 26. Ra1 h6 27. Ra4 h5
28. Rxb4 Rxb4 29. Qxb4 d5 30. Qa4 h4 31. Nf1 dxe4 32. dxe4 Qb7 33. Bg5 Qxb2 34.
Bxh4 Qe2 35. Bxf6 Bxf6 36. g3 Kh7 37. Ne3 Qb2 38. Qc2 Qd4 39. Kg2 Bg5 40. Ng4
Be7 41. Qe2 Bc5 42. Qf3 Be7 43. h4 Kg8 44. Qb3+ Kh7 45. Qd5 Qxd5 46. exd5 Bd6
47. Kf3 g5 48. hxg5 Kg6 49. Ke4 Kxg5 50. Nxe5 Kf6 51. Nd3 g5 52. g4 Ba3 53. f3
Bd6 54. Kd4 Ba3 55. Ke3 Bd6 56. Ke4 Ba3 57. Kd4 Bd6 58. Nf2 Bf4 59. Ne4+ Ke7
60. Kc5 Kd7 61. d6 Be3+ 62. Kd5 Bf4 63. Nf6+ Kd8 64. Ke6 Bd2 65. Nd5 Ba5 66.
Ne7 Bb6 67. Nc6+ 1-0

[Event "Campeonato Brasileiro Amador 2016 U2000"]
[Site "Esporte Clube Pinheiros"]
[Date "2016.05.27"]
[Round "4.24"]
[White "Weise, William Ferreira"]
[Black "Pimentel, Rafael Favarin G"]
[Result "0-1"]
[WhiteElo "1860"]
[BlackElo "1963"]
[PlyCount "82"]
[EventDate "2016.05.26"]

1. d4 Nf6 2. Nf3 g6 3. e3 Bg7 4. c4 O-O 5. Nc3 d6 6. Be2 Nbd7 7. b4 e5 8. a4
exd4 9. exd4 d5 10. c5 c6 11. Qb3 Re8 12. O-O Nf8 13. Re1 Ne6 14. Bb2 Ng4 15.
Na2 Nf4 16. Bf1 Bf5 17. Rxe8+ Qxe8 18. Re1 Qf8 19. b5 Rb8 20. Nb4 Ne6 21. Bd3
Bxd3 22. Nxd3 a6 23. Nde5 Nxe5 24. Nxe5 Bxe5 25. Rxe5 axb5 26. axb5 Ra8 27. Re1
Ra5 28. bxc6 bxc6 29. Bc3 Rb5 30. Qa4 Qb8 31. g3 Ng5 32. Ra1 Ne4 33. Be1 Rb1
34. Qa8 Rxe1+ 35. Kg2 Qxa8 36. Rxa8+ Kg7 37. Rc8 Re2 38. Rxc6 Rxf2+ 39. Kg1 Rd2
40. Rd6 Nxd6 41. cxd6 Kf6 0-1

[Event "Campeonato Brasileiro Amador 2016 U2000"]
[Site "Esporte Clube Pinheiros"]
[Date "2016.05.27"]
[Round "4.25"]
[White "Filgueiras, Nathan Felipe"]
[Black "Lima, Eduardo Augusto Fabr"]
[Result "1-0"]
[WhiteElo "1838"]
[BlackElo "1957"]
[PlyCount "123"]
[EventDate "2016.05.26"]

1. e4 c5 2. Nf3 e6 3. d4 cxd4 4. Nxd4 Nc6 5. Nxc6 bxc6 6. Bd3 d5 7. O-O Bd6 8.
Qe2 Qc7 9. f4 Bc5+ 10. Kh1 d4 11. Qg4 Bf8 12. e5 h5 13. Qg5 g6 14. Nd2 Be7 15.
Qg3 h4 16. Qf3 Rb8 17. Qh3 c5 18. b3 Nh6 19. Kg1 Bb7 20. Nc4 Kd7 21. Bd2 Bd5
22. c3 Nf5 23. Rac1 Rbg8 24. Rf2 Qb7 25. Na5 Qb6 26. Nc4 Qb8 27. cxd4 Nxd4 28.
Ne3 Bc6 29. Ng4 Qd8 30. Be3 Kc7 31. Bf1 g5 32. fxg5 Bxg5 33. Rxc5 Bxe3 34. Nxe3
Kb8 35. Nc4 Nf3+ 36. Kh1 Qd4 37. Rxc6 Nxe5 38. Nxe5 Qxf2 39. Qf3 Qxf3 40. Nxf3
Rd8 41. Rc1 Kb7 42. Kg1 f6 43. Kf2 e5 44. Rc4 Rhe8 45. Rxh4 e4 46. Ne1 e3+ 47.
Kf3 Rd1 48. Bb5 Re5 49. Nc2 Rxb5 50. Nxe3 Rd3 51. Ke2 Rd7 52. Rf4 Rd6 53. Nc4
Re6+ 54. Kd2 Rd5+ 55. Kc3 Re2 56. Rxf6 Rxg2 57. Rf7+ Ka6 58. Rf6+ Kb7 59. Rf7+
Ka6 60. Ne3 Rgg5 61. Nxd5 Rxd5 62. Rh7 1-0

[Event "Campeonato Brasileiro Amador 2016 U2000"]
[Site "Esporte Clube Pinheiros"]
[Date "2016.05.27"]
[Round "4.26"]
[White "Grillo, Carlos Henrique Gome"]
[Black "Campos, Westerley Batista"]
[Result "1-0"]
[WhiteElo "1942"]
[BlackElo "1744"]
[PlyCount "67"]
[EventDate "2016.05.26"]

1. d4 d5 2. Nf3 Nf6 3. Bf4 Bf5 4. e3 e6 5. Bd3 Bd6 6. Bxd6 Qxd6 7. Bxf5 exf5 8.
c3 Nbd7 9. Qb3 b6 10. Nbd2 Ne4 11. c4 dxc4 12. Qxc4 O-O 13. O-O Nxd2 14. Nxd2
c5 15. Nf3 Qe6 16. Qd3 c4 17. Qc2 Rac8 18. Rac1 b5 19. h3 Nb6 20. Qd2 Nd5 21.
a3 h6 22. Rc2 g5 23. Re1 g4 24. hxg4 fxg4 25. Nh4 f5 26. Qa5 Qf6 27. Qxb5 Nxe3
28. Rxe3 Qxh4 29. Rxc4 f4 30. Qd5+ Kh8 31. Qe5+ Kg8 32. Rxc8 Rxc8 33. Qe6+ Kg7
34. Qd7+ 1-0

[Event "Campeonato Brasileiro Amador 2016 U2000"]
[Site "Esporte Clube Pinheiros"]
[Date "2016.05.27"]
[Round "4.27"]
[White "Lisboa Torres, Eduardo"]
[Black "Gomes, Carlos Henrique Cald"]
[Result "0-1"]
[WhiteElo "1925"]
[BlackElo "1835"]
[PlyCount "70"]
[EventDate "2016.05.26"]

1. d4 Nf6 2. c4 g6 3. f3 Bg7 4. e4 d6 5. Ne2 Nc6 6. Nec3 e5 7. d5 Nd4 8. Nd2
O-O 9. Nb3 Nxb3 10. axb3 Nh5 11. g3 Bd7 12. Be3 a6 13. b4 Qc8 14. c5 f5 15. Bg2
f4 16. Bf2 Bh3 17. Kf1 Kh8 18. g4 Bxg2+ 19. Kxg2 Nf6 20. h4 Rg8 21. Qe2 Qd7 22.
Ra2 Raf8 23. b5 axb5 24. Qxb5 c6 25. dxc6 bxc6 26. Qe2 Nxg4 27. cxd6 Nxf2 28.
Qxf2 Qxd6 29. Rd1 Qe6 30. Ra7 Rd8 31. Rxd8 Rxd8 32. Na4 Bf8 33. Nb6 Qd6 34. Nc4
Qb4 35. Qb6 Rd2+ 0-1